| 000 | 01173nam a2200169 a 4500 | ||
|---|---|---|---|
| 001 | 000034183 | ||
| 005 | 20200930070839.0 | ||
| 008 | 110927s17971798xxu r 000 0 spa d | ||
| 040 |
_aDO-SdBNP _bspa _cBNPHU |
||
| 082 |
_axxxx _bM837d |
||
| 100 | 1 |
_aMoreau de Saint-Méry, M. L. E. _q(Médéric Louis Elie), _d1750-1819. _959190 |
|
| 245 | 1 | 0 |
_aDescription topografique, physique, civile, politique et historique de la partie française de l'isle Saint-Domingue : _bavec des observations générales sur la population, sur le caractére & les moeurs de ses divers habitans, sur son climat, sa culture, ses productions, son administration, &c. &c. ... / _cpar M.L.E. Moreau de Saint-Méry ; tome premier[-second]. |
| 260 |
_aA Philadelphie : _bEt s'y trouve chez l'auteur, _c1797-1798. |
||
| 300 |
_a2 v. : _bil., maps ; _c26 cm. |
||
| 500 | _aIncludes indexes | ||
| 505 | 0 |
_gvol.1 _tComprenant, outre les objets généraux, la description des vingt & une paroisses de la partie du nord & de l'isle la Tortue _gvol.2 _tComprenant la description des dix-sept Paroisses de la Partie de l´Quest & de l´lisse la Gonave & des quatorze Paroisses de la Partie du Sud & de l´isse á Va che. |
|
| 999 |
_c33674 _d33674 |
||